Trabajo social familiar

Saved in:
Bibliografiske detaljer
Hovedforfatter: Aylwin A., Nidia
Andre forfattere: Solar S., María Olga
Format: Bog
Sprog:spansk
Udgivet: Santiago Pontificia Universidad Católica de Chile. Vicerrectoría de Comunicaciones y Asuntos Públicos 2009
Udgivelse:3ª ed.
Fag:
Tags: Tilføj Tag
Ingen Tags, Vær først til at tagge denne postø!

MARC

LEADER 00000nam a22000005a 4500
003 CL-ChBUA
005 20120815095539.0
008 111110s2009 cl ||||| |||| 000 ||spa
020 |a 9789561406292 
040 |a CL-ChBUA  |c CL-ChBUA 
082 0 0 |a 361.32 
090 |c 29107  |d 29107 
100 1 |a Aylwin A., Nidia 
245 1 0 |a Trabajo social familiar 
250 |a 3ª ed. 
260 |a Santiago  |b Pontificia Universidad Católica de Chile. Vicerrectoría de Comunicaciones y Asuntos Públicos  |c 2009 
300 |a 326 p.  |c 25 cm. 
504 |a índice 
650 4 |a TRABAJO SOCIAL FAMILIAR 
650 4 |a SERVICIOS PARA LA FAMILIA 
650 4 |a FAMILIA - ASPECTOS SOCIALES 
700 1 |a Solar S., María Olga 
942 |c LIB 
952 |0 0  |1 0  |2 ddc  |4 0  |6 361_320000000000000_AY_981T_20  |7 0  |9 67995  |a UNACH  |b UNACH  |c 300  |d 2011-11-10  |i 48.325  |l 27  |m 12  |o 361.32 / Ay 981t 2009  |p 69127  |r 2026-03-20 09:50:17  |s 2025-10-16  |w 2012-08-08  |y LIB 
999 |c 29107  |d 29107